Capital Cities Closest to the Caspian Sea - Statistics

General Stats
  • This quiz has been taken 15 times
  • The average score is 18 of 20
Answer Stats
km Capital miles % Correct
1380 Astana 857
100%
0 Baku 0
100%
263 Tbilisi 163
100%
378 Yerevan 235
100%
1249 Ankara 776
92%
644 Baghdad 400
92%
1290 Beirut 802
92%
1256 Doha 780
92%
1376 Kiev 855
92%
868 Kuwait City 539
92%
1313 Moscow 816
92%
1232 Tashkent 766
92%
103 Tehran 64
92%
1367 Abu Dhabi 849
85%
397 Ashgabat 247
85%
1241 Damascus 771
85%
1289 Kabul 801
85%
1157 Manama 719
85%
1279 Dushanbe 795
77%
1355 Amman 842
62%
No matching quizzes found
Score Distribution
Percent of People with Each Score
Percentile by Number Answered
Your Score History
You have not taken this quiz